| 000 | 01231cam a2200349 i 4500 | ||
|---|---|---|---|
| 001 | 200459855 | ||
| 999 |
_c200459855 _d78067 |
||
| 003 | TR-AnTOB | ||
| 005 | 20241121111208.0 | ||
| 007 | ta | ||
| 008 | 970717s2003 tu a 000 0 tur d | ||
| 020 | _a9789751109873 | ||
| 040 |
_aDLC _beng _erda _cDLC _dBGZA _dTR-AnTOB |
||
| 041 | 0 | _atur | |
| 050 | 0 | 4 |
_aDS919.4 _b.S295 2003 |
| 090 |
_aDS919.4 _b.S295 2003 |
||
| 100 | 1 |
_aSayılan, Nazım Dündar _eauthor _9145248 |
|
| 245 | 1 | 0 |
_aKore Harbinde Türklerle / _cNazım Dündar Sayılan. |
| 250 | _a2. Baskı 2003 | ||
| 264 | 1 |
_aİstanbul : _bM.E.B., _c2003. |
|
| 300 |
_a496 pages : _billustrations ; _c19 cm |
||
| 336 |
_atext _btxt _2rdacontent |
||
| 337 |
_aunmediated _bn _2rdamedia |
||
| 338 |
_avolume _bnc _2rdacarrier |
||
| 490 | 0 |
_aMilli Eğitim Bakanlığı yayınları ; _v2935 |
|
| 490 | 0 |
_aBilim ve kültür eserleri dizisi ; _v848 |
|
| 650 | 7 |
_aKore Savaşı, 1950-1953 _2etuturkob _982016 |
|
| 650 | 7 |
_aKore Savaşı, 1950-1953 _xSeferler _2etuturkob _971534 |
|
| 830 | 0 |
_aMilli Eğitim Bakanlığı yayınları. _pBilim ve kültür eserleri dizisi ; _v848 |
|
| 830 | 0 |
_aMilli Eğitim Bakanlığı yayınları. _pDüşünce eserleri dizisi ; _v6 |
|
| 942 |
_2lcc _cBK |
||